Statistics for Indigenous Peoples

Click here to take the quiz!

General Stats

  • This quiz has been taken 840 times
    (824 since last reset)
  • The average score is 17 of 20

Answer Stats

HintAnswer% Correct
PersianIran
98%
MaoriNew Zealand
98%
CherokeeUnited States of America
98%
Anglo-SaxonsUnited Kingdom
97%
HanChina
96%
InuitCanada
95%
BasqueSpain
94%
AborigineAustralia
92%
TamilIndia
92%
KhmerCambodia
89%
TagalogPhilippines
89%
BoerSouth Africa
85%
QuechuaPeru
82%
SámiNorway
80%
TuaregNiger
77%
HutuRwanda
76%
KalmykRussia
74%
YorubaNigeria
73%
BaltsLithuania
55%
DinkaSouth Sudan
26%

Score Distribution

Percentile by Number Answered

Percent of People with Each Score

Your Score History

You have not taken this quiz since the last reset